Kereskedelmi szemle

Saved in:
Bibliographic Details
Format: Serial
Language:Hungarian
Published: Budapest Lapkiadó Vállalat 1988
Subjects:
Tags: Add Tag
No Tags, Be the first to tag this record!

MARC

LEADER 00000nas2a2200000 4500
001 s028970
005 20250730114138.9
041 0 |a hun 
044 |a HU 
245 1 0 |a Kereskedelmi szemle 
264 1 |a Budapest  |b Lapkiadó Vállalat  |c 1988 
773 0 |w eu_un_cat*s120875 
610 2 0 |a obchod vnútorný